000 01333nam a22002657i 4500
003 EG-ScBUE
005 20230614113610.0
008 220731s2003 ua f 000 0 ara d
040 _aEG-ScBUE
_bara
_erda
_cEG-ScBUE
_dEG-ScBUE
043 _ama-----
082 0 4 _222
_a‪628.9250956
_bج ا م
110 2 _aجامعة الدول العربية.
_bمجلس وزراء الإسكان والتعمير العرب،
_eمؤلف.
245 1 2 _aالكودات العربية الموحدة لتصميم وتنفيذ المباني :
_bكودة الوقاية من الحريق وإنذار الحريق.
_nالجزء الثالث،
_pأنظمة الكشف والإنذار عن الحريق /
_cجامعة الدول العربية، مجلس وزراء الإسكان والتعمير العرب.
264 1 _aقليوب، مصر :
_bمطابع الأهرام التجارية،
_c2003.
300 _a61 صفحة ؛
_c24 سم
336 _2rdacontent
_aنص
_btxt
337 _2rdamedia
_aبدون وسيط
_bn
338 _2rdacarrier
_aمجلد
_bnc
500 _aيشتمل على ملاحق.
650 7 _2BUEsh
_a‪العمارة
_x‪تصميمات.
650 7 _2BUEsh
_a‪الحرائق، مقاومة.
650 7 _2BUEsh
_a‪إطفاء الحرائق
_x‪مواصفات الأمان.
655 _vReading book
942 _2ddc
999 _c30482
_d30453